| 000 | 00566nam a22001457a 4500 | ||
|---|---|---|---|
| 003 | MACL | ||
| 005 | 20151105160651.0 | ||
| 008 | 151105b xxu||||| |||| 00| 0 eng d | ||
| 040 | _cMACL | ||
| 041 | _aHindi | ||
| 100 |
_aडॉ शीलवन्त सिंह _917314 |
||
| 245 | _aभारतीय कला संस्कृति और विरासत सिविल सेवा प्रारंभिक तथा मुख्य परीक्षा के लिए | ||
| 260 |
_aनई दिल्ली _c2015 |
||
| 942 |
_2ddc _cHIN |
||
| 999 |
_c50568 _d50568 |
||